Discontent at the polls ; a study of farmer and labor parties, 1827-1948 /

Bibliographic Details
Main Author: Stedman, Murray S. (Murray Salisbury), 1917-2006
Other Authors: Stedman, Susan Winter
Format: Book
Language:English
Published: New York : Columbia University Press, 1950.
Subjects:

MARC

Tag First Indicator Second Indicator Subfields
LEADER 00000cam a2200000 4500
001 in00000063994
005 20151008051150.0
008 750710s1950 nyu b 00000 eng u
010 |a  49050349  
035 |a (OCoLC)01440002 
035 |9 AAG6160AM 
040 |c GUA  |d TXA  |d UtOrBLW 
049 |a TXAM  |c [187079] 
050 0 0 |a JK2261  |b .S84 
092 |a 329  |b S812d 
100 1 |a Stedman, Murray S.  |q (Murray Salisbury),  |d 1917-2006. 
245 1 0 |a Discontent at the polls ;  |b a study of farmer and labor parties, 1827-1948 /  |c by Murray S. Stedman, Jr., and Susan W. Stedman. 
264 1 |a New York :  |b Columbia University Press,  |c 1950. 
300 |a  x, 190 pages :  |b diagrams ;  |c 23 cm. 
336 |a text  |b txt  |2 rdacontent 
337 |a unmediated  |b n  |2 rdamedia 
338 |a volume  |b nc  |2 rdacarrier 
504 |a Bibliographical footnotes. 
650 0 |a Political parties  |z United States. 
651 0 |a United States  |x Economic conditions. 
700 1 |a Stedman, Susan Winter. 
999 |a MARS 
999 f f |s f59e4a21-16bd-3c0e-a989-c29cb30c9009  |i 511a1db3-66fe-38f9-bdb6-c29ff3b92966  |t 0 
952 f f |p ric  |a Texas A&M University  |b Rellis Campus  |c Joint Library Facility  |d Remote Storage  |t 0  |e JK2261 .S84  |h Library of Congress classification  |i unmediated -- volume  |m A14800683473 
998 f f |a JK2261 .S84  |t 0  |l Remote Storage